| 000 | 00483nam a2200181Ia 4500 | ||
|---|---|---|---|
| 008 | 220805s9999 xx 000 0 und d | ||
| 020 | _a978-89-87223-92-2 | ||
| 041 | _achi | ||
| 082 | _a725.57 | ||
| 260 |
_aKorea _bArchiworld co.Ltd _c2003 |
||
| 245 | _aInterior World | ||
| 245 | _bmagazine for high quality interior design medical space II | ||
| 250 | _a1 | ||
| 300 | _a199 | ||
| 440 | _v13 | ||
| 650 |
_aHospital Architecture _989052 |
||
| 650 |
_aInterior decoration _989053 |
||
| 999 |
_c49018 _d49018 |
||